01045 a2200301 4500502002400000260001500024653001400039100002700053041000700080260003100087300001400118245010000132650002400232650003300256650001100289650002700300650001100327260002100338300002900359130000700388710002600395040001400421041000700435100008900442651001000531520018400541020001800725 aThèse de Doctorat aWageningen1 aAgronomie aKARANJA, Andrew Mwihia bEn bUniversité de Wageningen aix-203 p. aLiberalisation and smallholder agricultural development : a case study of coffee farms in Kenya aPRODUCTION AGRICOLE aPETITE EXPLOITATION AGRICOLE aPAYSAN aDEVELOPPEMENT AGRICOLE aMARCHE c08 february 2002 bIll., Couv. ill. ; 24 cm lEn aWageningen University aSupport  bEn uAbomey-Calavi, Université d'Abomey-Calavi, Faculté des Sciences Agronomiques, Bj aKENYA aIN THE MOST LEAST DEVELOPED COUNTRIES AND SUB SAHARAN AFRICA COUNTRIES IN PARTICULAR, AGRICULTURE REMAINS THE DOMINANT SECTOR ACCOUNTING FOR A LARGE PROPORTION OF gnp, EMPLOYMENT a90-5808-603-8